00935cam a22002652 450000100060000000300080000600500170001400800410003102000150007203500140008704000280010104100080012908200240013710000400016124500590020125000500026026000310031030000410034150400300038265000300041270000490044294200120049199900170050395201490052074886BD-RjUL20211209082621.0691202s1969 enkaf b 001 0 eng  a0416418503 a(BD-RjUL) aDLCcDLCdUKMdEQObeng aeng a571.2223bWAI 19691 aStiles, Walter,d1886-1966.922609313aAn introduction to the principles of plant physiology. a3rd ed.bin collaboration with E. C. Cocking. aLondon :bMethuen,cc1969. ax, 633 p.b10 plates, illus.c26 cm. aBibliography: p. 565-616. 0aPlant physiology.92260941 aCocking, Edward C.q(Edward Charles)9226095 2ddccBK c74886d74886 00102ddc40718NFICaRUCLbRUCLcReadingd1981-06-30erajshahi Ureka bookg550.00l0o571.2 WAI 1969r2018-12-17 00:00:00tC-1w2018-12-17yBK